Σταδιοδρομία στην υπηρετικότητα : η περίπτωση των Ρουμάνων μεταναστριών οικιακών εργατριών στην Ελλάδα
Αποθηκεύτηκε σε:
| Κύριος συγγραφέας: | |
|---|---|
| Μορφή: | Βιβλίο |
| Γλώσσα: | Greek |
| Δημοσίευση: |
Αθήνα :
Παπαζήσης,
2015.
|
| Σειρά: | Κοινωνιολογία και εργασία
|
| Θέματα: | |
| Ετικέτες: |
Προσθήκη ετικέτας
Δεν υπάρχουν, Καταχωρήστε ετικέτα πρώτοι!
|
MARC
| LEADER | 00000cam a2200000 a 4500 | ||
|---|---|---|---|
| 001 | 1/110032 | ||
| 008 | 160222s2015####gr |||||||||||||| ||gre|| | ||
| 020 | |a 9789600231199 | ||
| 040 | |a GR-MyUa |b gre |c GR-MyUa |e AACR2 | ||
| 041 | 0 | |a gre | |
| 082 | 7 | |a 331.48164 |2 (23) | |
| 100 | 1 | |a Lazarescu, Daria. | |
| 245 | 1 | 0 | |a Σταδιοδρομία στην υπηρετικότητα : |b η περίπτωση των Ρουμάνων μεταναστριών οικιακών εργατριών στην Ελλάδα / |c Daria Lazarescu. |
| 260 | |a Αθήνα : |b Παπαζήσης, |c 2015. | ||
| 300 | |a 687 σ. : |b εικ. ; |c 21 εκ. | ||
| 490 | 1 | |a (Κοινωνιολογία και εργασία / Παπαζήσης) | |
| 504 | |a Περιλαμβάνει βιβλιογραφικές παραπομπές. | ||
| 650 | 0 | |a Women domestics |z Greece. | |
| 650 | 0 | |a Women alien labor |z Greece. | |
| 650 | 0 | |a Women immigrants |z Greece |x Social conditions. | |
| 650 | 0 | |a Immigrants |z Greece. | |
| 830 | 0 | |a Κοινωνιολογία και εργασία | |
| 852 | |a INST |b LESVOS |e 20230607 |h 331.48164 LAZ |p 005100064955 |q 005100064955 |t BK |y 0 | ||
| 852 | |a INST |b LESVOS |c EUDOXUS |e 20160222 |h 331.48164 LAZ |p 005100057300 |q 005100057300 |t EDX |y 0 | ||
| 970 | |a Καμάτσου |b Δέσποινα |z 22-02-2016 | ||